[Event "Ì13Ï"]
[Site "Loo"]
[Date "2017.04.25"]
[Round "6.19"]
[White "Öûðåíäàøèåâ, Áàòî."]
[Black "Çûðÿíîâ, Êîíñòàíòèí."]
[Result "1/2-1/2"]
[WhiteElo "1810"]
[BlackElo "1571"]
[PlyCount "82"]
[EventDate "2017.04.20"]

1. e4 c5 2. Nf3 Nc6 3. d4 cxd4 4. Nxd4 e5 5. Nb5 a6 6. Nd6+ Bxd6 7. Qxd6 Qe7 8.
Qxe7+ Ngxe7 9. Bc4 b5 10. Bb3 Nd4 11. O-O Bb7 12. f3 Rc8 13. c3 Nxb3 14. axb3
O-O 15. Na3 d5 16. Re1 b4 17. cxb4 dxe4 18. fxe4 Nc6 19. Bd2 Nd4 20. Bc3 Nxb3
21. Rad1 Rfd8 22. Nc2 Rxd1 23. Rxd1 Bxe4 24. Ne3 Nd4 25. Bxd4 exd4 26. Rxd4 Bc6
27. Kf2 Kf8 28. Nc4 Bb5 29. b3 Ke7 30. Re4+ Kf6 31. g3 Rc7 32. h4 g6 33. Rd4
Rd7 34. Rf4+ Ke6 35. Ke3 f5 36. Rf1 h6 37. Re1 g5 38. hxg5 hxg5 39. Rh1 Re7 40.
Rh6+ Kd5+ 41. Kd3 Re6 1/2-1/2

[Event "Ì13Ï"]
[Site "Loo"]
[Date "2017.04.25"]
[Round "6.20"]
[White "Çóåâ, Àëåêñàíäð."]
[Black "Ôèëàòîâ, Ãåîðãèé."]
[Result "0-1"]
[WhiteElo "1559"]
[BlackElo "1793"]
[PlyCount "84"]
[EventDate "2017.04.20"]

1. e4 e5 2. Nf3 Nc6 3. Bb5 a6 4. Ba4 d6 5. O-O Nf6 6. d4 b5 7. dxe5 Nxe5 8.
Nxe5 dxe5 9. Qxd8+ Kxd8 10. Bb3 Bc5 11. Bg5 Ke7 12. Nc3 c6 13. Kh1 h6 14. Bh4
Bd6 15. f4 Be6 16. Bxe6 fxe6 17. f5 exf5 18. exf5 Rad8 19. Ne4 Kf7 20. Bxf6
gxf6 21. Rad1 Be7 22. Kg1 Rd5 23. Kf2 Rhd8 24. Ke2 Rd4 25. Ng3 c5 26. c3 Rxd1
27. Rxd1 Rxd1 28. Kxd1 Ke8 29. Ke2 Kd7 30. Ke3 Kc6 31. Ke4 a5 32. Nh5 c4 33. g4
b4 34. h4 b3 35. axb3 cxb3 36. Ng3 Ba3 37. Kd3 Bxb2 38. Kc4 a4 39. Ne4 Bc1 40.
Kd3 a3 41. Nxf6 b2 42. Kc2 a2 0-1

[Event "Ì13Ï"]
[Site "Loo"]
[Date "2017.04.25"]
[Round "6.21"]
[White "Èîíî÷êèí, Ìàêñèì."]
[Black "Ñòåïàíîâ, Ïàâåë."]
[Result "0-1"]
[WhiteElo "1745"]
[BlackElo "1559"]
[PlyCount "138"]
[EventDate "2017.04.20"]

1. d4 Nf6 2. c4 c5 3. d5 e6 4. Nc3 exd5 5. cxd5 d6 6. Nf3 g6 7. Bg5 Bg7 8. e4
O-O 9. Bd3 Bg4 10. O-O a6 11. a4 Nbd7 12. h3 Bxf3 13. Qxf3 Re8 14. Qe2 Qc7 15.
Rac1 Rab8 16. b3 Rbc8 17. Qb2 Ne5 18. Bb1 Qb6 19. Ba2 Qb4 20. Rfe1 b5 21. Rb1
Nh5 22. Rec1 Nd7 23. g4 Nhf6 24. f3 Ne5 25. Qe2 Rb8 26. Bd2 Qa5 27. Nxb5 Qxd2
28. Qxd2 Nxf3+ 29. Kg2 Nxd2 30. Nxd6 Nxb1 31. Nxe8 Rxe8 32. Bxb1 Bf8 33. Kf3
Bd6 34. Bd3 a5 35. Bb5 Rxe4 36. Rd1 Rd4 37. Rxd4 cxd4 38. Bc6 Kf8 39. g5 Ne8
40. Ke4 Bc5 41. d6 Bxd6 42. Kxd4 Bf4 43. h4 Bg3 44. h5 Bf4 45. hxg6 hxg6 46.
Kc4 Bxg5 47. b4 axb4 48. Kxb4 Be3 49. Kc4 Ke7 50. Kd3 Ba7 51. Ke4 Ng7 52. Kf3
f5 53. a5 g5 54. a6 Kf6 55. Bd7 g4+ 56. Kg3 Kg5 57. Bc6 f4+ 58. Kg2 Ne6 59. Bd5
Nd4 60. Be4 f3+ 61. Kg3 Nf5+ 62. Kh2 g3+ 63. Kh3 g2 64. Bxf3 g1=Q 65. Bg2 Qe3+
66. Kh2 Bb8+ 67. Kh1 Ng3+ 68. Kh2 Ne2+ 69. Kh1 Qg1# 0-1

[Event "Ì13Ï"]
[Site "Loo"]
[Date "2017.04.25"]
[Round "6.22"]
[White "Ñåðîâ, Àëåêñàíäð."]
[Black "Àðáóçîâ, Òèìîôåé."]
[Result "0-1"]
[WhiteElo "1539"]
[BlackElo "1694"]
[PlyCount "120"]
[EventDate "2017.04.20"]

1. d4 e6 2. c4 c5 3. d5 exd5 4. cxd5 d6 5. Nc3 a6 6. e4 g6 7. h3 Bg7 8. Nf3 Ne7
9. Bd3 O-O 10. O-O h6 11. Bf4 g5 12. Bg3 Ng6 13. Re1 Qe7 14. Qc2 Nd7 15. Rad1
Nde5 16. Nxe5 Nxe5 17. Be2 b5 18. Qc1 Bd7 19. Rd2 Rae8 20. Bh5 c4 21. Be2 f5
22. f3 f4 23. Bf2 h5 24. Qd1 g4 25. fxg4 hxg4 26. hxg4 Qg5 27. Bf3 Bxg4 28.
Bxg4 Nxg4 29. Qf3 Rf6 30. Bd4 Rh6 31. Bxg7 Kxg7 32. Rf1 Reh8 33. g3 Rh1+ 34.
Qxh1 Rxh1+ 35. Kxh1 fxg3 36. Rg2 Ne3 37. Rxg3 Qxg3 38. Rg1 Qxg1+ 39. Kxg1 b4
40. Na4 Nd1 41. Kf1 c3 42. bxc3 Nxc3 43. Nxc3 bxc3 44. Ke2 Kf6 45. Kd3 Ke5 46.
Kxc3 Kxe4 47. Kc4 Ke5 48. a4 Ke4 49. Kb4 Kxd5 50. Ka5 Kc6 51. Kb4 d5 52. Kc3
Kc5 53. Kd3 Kb4 54. a5 Kxa5 55. Kd4 Kb4 56. Kxd5 a5 57. Kd4 a4 58. Kd3 Kb3 59.
Kd2 a3 60. Kc1 a2 0-1

[Event "Ì13Ï"]
[Site "Loo"]
[Date "2017.04.25"]
[Round "6.23"]
[White "Äèêóíîâ, Àðòåì."]
[Black "Òàòàðèíöåâ, Ìèõàèë."]
[Result "0-1"]
[WhiteElo "1518"]
[BlackElo "1690"]
[PlyCount "114"]
[EventDate "2017.04.20"]

1. d4 d5 2. c4 c6 3. cxd5 cxd5 4. Nc3 Nf6 5. e3 a6 6. Bd3 Nc6 7. Nge2 e6 8. a3
b5 9. Qc2 Bb7 10. Bd2 Bd6 11. Rc1 Rc8 12. Ng3 O-O 13. Qd1 Na5 14. e4 Bxg3 15.
hxg3 dxe4 16. Nxe4 Bxe4 17. Rxc8 Qxc8 18. Bxe4 Nxe4 19. Bxa5 Qc6 20. O-O Rc8
21. Re1 Nf6 22. Bd2 Qc2 23. Qxc2 Rxc2 24. Rc1 Rxc1+ 25. Bxc1 Kf8 26. Kf1 Ke8
27. Ke2 Kd7 28. Kd3 Kc6 29. f3 Kd5 30. Kc3 Nd7 31. Bf4 Nb6 32. b3 Nd7 33. Kb4
Kxd4 34. Ka5 e5 35. Bd2 Nc5 36. b4 Nb3+ 37. Kxa6 Nxd2 38. Kxb5 f5 39. a4 e4 40.
a5 e3 41. a6 e2 42. a7 e1=Q 43. a8=Q Qe2+ 44. Ka4 Qd1+ 45. Kb5 Qf1+ 46. Kb6
Nc4+ 47. Kc7 Qe1 48. Qa7+ Kc3 49. Qc5 Qxg3+ 50. Kc6 Qb8 51. Qxf5 Qd6+ 52. Kb7
Qxb4+ 53. Kc6 Qd6+ 54. Kb7 Qb6+ 55. Ka8 Qd8+ 56. Ka7 Qc7+ 57. Ka8 Nb6# 0-1

[Event "Ì13Ï"]
[Site "Loo"]
[Date "2017.04.25"]
[Round "6.24"]
[White "Áàøåâ, Ôåäîð."]
[Black "Ëèòâèíîâ, Äìèòðèé."]
[Result "1-0"]
[WhiteElo "1679"]
[BlackElo "1548"]
[PlyCount "67"]
[EventDate "2017.04.20"]

1. e4 c5 2. Nf3 d6 3. d4 cxd4 4. Nxd4 Nf6 5. Nc3 a6 6. Be2 e5 7. Nb3 Be6 8. f4
Qc7 9. f5 Bc4 10. Bxc4 Qxc4 11. Qf3 b5 12. Be3 Nbd7 13. Nd2 Qc7 14. a3 Rc8 15.
O-O Qb7 16. g4 Nb6 17. Kh1 Nc4 18. Nxc4 Rxc4 19. Bd2 h6 20. Rae1 a5 21. b3 Rc8
22. Qd3 b4 23. axb4 axb4 24. Nb5 Nxg4 25. Bxb4 Qb6 26. Re2 Rd8 27. Qc4 Ne3 28.
Rxe3 Qxe3 29. Qc6+ Rd7 30. Nc7+ Kd8 31. Qa8+ Kxc7 32. Ba5+ Qb6 33. Qa7+ Kc6 34.
Qxb6# 1-0

[Event "Ì13Ï"]
[Site "Loo"]
[Date "2017.04.25"]
[Round "6.25"]
[White "Ìàòóùàê, Íèêèòà."]
[Black "Ëåáåäåâ, Íèêèòà."]
[Result "1/2-1/2"]
[WhiteElo "1406"]
[BlackElo "1635"]
[PlyCount "139"]
[EventDate "2017.04.20"]

1. e4 e6 2. d4 d5 3. Nd2 dxe4 4. Nxe4 Nf6 5. Nxf6+ Qxf6 6. Nf3 Qd8 7. Bd3 Nd7
8. O-O c5 9. c3 a6 10. Bf4 Nf6 11. Ne5 Nd5 12. Bg3 cxd4 13. Qa4+ Bd7 14. Qxd4
Qb6 15. Qh4 g6 16. Nxd7 Kxd7 17. Rad1 Be7 18. Qe4 f5 19. Qa4+ Qc6 20. Qb3 Ke8
21. Be5 Rg8 22. c4 Nf6 23. Bxf6 Bxf6 24. Be2 Rg7 25. Bf3 Qc7 26. Rfe1 e5 27.
Bd5 Rb8 28. Qa4+ Kf8 29. Qb4+ Be7 30. Qc3 Bd6 31. Qh3 h5 32. Qc3 b5 33. cxb5
Rxb5 34. Bb3 Qxc3 35. bxc3 Rb6 36. Rd5 Rc7 37. c4 a5 38. Red1 Ke7 39. Rxa5 Bc5
40. Kf1 Bd4 41. f4 Bc3 42. Rad5 exf4 43. R1d3 Bb4 44. Re5+ Kf6 45. Re8 Re7 46.
Rxe7 Kxe7 47. Rd5 Bc3 48. c5 Rb5 49. Ke2 Bb4 50. Re5+ Kf8 51. Re6 Bxc5 52. Rxg6
Bg1 53. h3 Re5+ 54. Kf3 Bh2 55. Re6 Rc5 56. Rh6 Re5 57. Re6 Rc5 58. Ke2 h4 59.
Kd3 Kg7 60. a4 Rc1 61. a5 Ra1 62. a6 Bg1 63. Kc4 Rc1+ 64. Kd5 Rc3 65. Ba4 Rc5+
66. Kd6 Ra5 67. Bc2 Rxa6+ 68. Ke5 Rxe6+ 69. Kxe6 Bh2 70. Kxf5 1/2-1/2

[Event "Ì13Ï"]
[Site "Loo"]
[Date "2017.04.25"]
[Round "6.26"]
[White "Êóçíåöîâ, Âàäèì."]
[Black "Íàçàðîâ, Äåíèñ."]
[Result "1-0"]
[WhiteElo "1628"]
[BlackElo "1534"]
[PlyCount "113"]
[EventDate "2017.04.20"]

1. d4 Nf6 2. c4 g6 3. Nc3 Bg7 4. e4 d6 5. f3 O-O 6. Bg5 c5 7. d5 e6 8. Qd2 exd5
9. cxd5 a6 10. a4 Qa5 11. Ra3 Nbd7 12. Nh3 Re8 13. Be2 Qc7 14. Nf2 Ne5 15. O-O
b6 16. Rc1 Bb7 17. Raa1 Rac8 18. Qf4 Nh5 19. Qd2 Nf6 20. Ncd1 Ned7 21. Ne3 h5
22. Bf4 Re7 23. Nc4 Ne8 24. Bg3 f6 25. Nd3 Ne5 26. Ndxe5 dxe5 27. d6 Nxd6 28.
Qxd6 Qxd6 29. Nxd6 Rd8 30. Nxb7 Rxb7 31. Bxa6 Ra7 32. Bc4+ Kf8 33. Bd5 Bh6 34.
Rc4 Be3+ 35. Bf2 Bh6 36. a5 Bd2 37. Rca4 Rxa5 38. Rxa5 bxa5 39. Bxc5+ Kg7 40.
Kf2 Rb8 41. Ra2 Rb5 42. Be3 Bb4 43. Ke2 Rb8 44. Kd3 Rc8 45. Ra1 g5 46. Rc1 Rd8
47. Rc7+ Kh6 48. h4 Rd6 49. hxg5+ fxg5 50. Kc4 h4 51. Rc8 Rg6 52. Re8 Bd6 53.
Be6 a4 54. Bc5 Bb8 55. Kb4 Kg7 56. Kxa4 Kf6 57. Bf5 1-0

[Event "Ì13Ï"]
[Site "Loo"]
[Date "2017.04.25"]
[Round "6.27"]
[White "Íåëîâêî, Íèêèòà."]
[Black "Ãîôìàí, Ëåâ."]
[Result "0-1"]
[WhiteElo "1618"]
[BlackElo "1528"]
[PlyCount "54"]
[EventDate "2017.04.20"]

1. d4 e6 2. Bf4 f5 3. Nf3 Nf6 4. e3 d5 5. Nbd2 c6 6. a3 Bd6 7. Bg3 O-O 8. Be2
Ne4 9. Nxe4 dxe4 10. Ne5 Qe7 11. c4 Nd7 12. Nxd7 Bxd7 13. c5 Bb8 14. Bxb8 Raxb8
15. g3 b6 16. b4 e5 17. O-O f4 18. dxe5 f3 19. Bc4+ Be6 20. Qb3 Bf7 21. e6 Bg6
22. cxb6 axb6 23. h4 b5 24. Rad1 bxc4 25. Qxc4 Bf5 26. Qxc6 Qxe6 27. Qxe6+ Bxe6
0-1

[Event "Ì13Ï"]
[Site "Loo"]
[Date "2017.04.25"]
[Round "6.28"]
[White "Êóïðèí, Àëåêñàíäð."]
[Black "Íóäèí, Âëàäèñëàâ."]
[Result "1-0"]
[WhiteElo "1599"]
[BlackElo "1493"]
[PlyCount "55"]
[EventDate "2017.04.20"]

1. e4 c5 2. Nf3 e6 3. d4 cxd4 4. Nxd4 Nc6 5. Nc3 Nf6 6. Be3 Bb4 7. f3 d5 8. Bb5
Bd7 9. Bxc6 Bxc6 10. Nxc6 bxc6 11. O-O Bxc3 12. bxc3 dxe4 13. fxe4 Qxd1 14.
Rfxd1 Nxe4 15. Re1 Nf6 16. Bd4 Rg8 17. Rab1 Nd7 18. Rb7 c5 19. Bf2 Rc8 20. Rd1
Nf6 21. Rxa7 g5 22. Rb1 Ne4 23. Rbb7 Rg7 24. g3 Nxc3 25. Bxc5 Nd5 26. Bd4 Rg6
27. Rxf7 Nb4 28. Rae7+ 1-0

[Event "Ì13Ï"]
[Site "Loo"]
[Date "2017.04.25"]
[Round "6.29"]
[White "Ùåòêèí, Êèðèëë."]
[Black "Ñîèí, Íèêèòà."]
[Result "0-1"]
[WhiteElo "1594"]
[BlackElo "1491"]
[PlyCount "58"]
[EventDate "2017.04.20"]

1. e4 e5 2. d4 exd4 3. Qxd4 Nc6 4. Qe3 d6 5. Nc3 Nf6 6. Bc4 Be7 7. Nf3 O-O 8.
O-O Ne5 9. Nxe5 dxe5 10. Rd1 Bd7 11. Be2 Bd6 12. Qg3 Kh8 13. Bg5 h6 14. Be3 Qe7
15. Nd5 Nxd5 16. exd5 f5 17. Bd2 f4 18. Qc3 e4 19. Bf1 Qh4 20. g3 Qg5 21. Bg2
e3 22. fxe3 fxg3 23. h3 Qh5 24. Qd4 Bxh3 25. Bc3 Rf7 26. Rd2 Raf8 27. Re1 Bg4
28. Bh1 Qh2+ 29. Rxh2 gxh2+ 0-1

[Event "Ì13Ï"]
[Site "Loo"]
[Date "2017.04.25"]
[Round "6.30"]
[White "Õóñíóëãàòèí, Àðòåì."]
[Black "Áóñûãèí, Êèðèëë."]
[Result "1/2-1/2"]
[WhiteElo "1592"]
[BlackElo "1468"]
[PlyCount "103"]
[EventDate "2017.04.20"]

1. e4 e5 2. Nf3 Nf6 3. Nc3 Nc6 4. Bb5 Bc5 5. Bxc6 dxc6 6. d3 Bg4 7. O-O h6 8.
Be3 Bb6 9. Nb1 Qd7 10. a4 Bd4 11. Bxd4 exd4 12. Nbd2 c5 13. Qb1 Bxf3 14. Nxf3
a5 15. c3 O-O 16. cxd4 cxd4 17. b4 b6 18. bxa5 Rxa5 19. Qc2 Rfa8 20. h3 Rc5 21.
Qb3 Rc3 22. Qb4 Qd6 23. Qb2 Nd7 24. Rfd1 Nc5 25. Qb4 Rxd3 26. Rxd3 Nxd3 27.
Qxd6 cxd6 28. Nxd4 Nc5 29. f3 Rxa4 30. Rxa4 Nxa4 31. Nb5 d5 32. exd5 Kf8 33.
Kf2 Ke7 34. Ke3 Nc5 35. f4 Nb7 36. g4 Nd6 37. Nd4 Ne8 38. Nf5+ Kd7 39. Kd4 f6
40. h4 g5 41. fxg5 fxg5 42. h5 Nd6 43. Nxh6 b5 44. Ng8 b4 45. Nf6+ Ke7 46. Ne4
b3 47. Nd2 b2 48. Kd3 Nf7 49. Kc2 Kd6 50. Ne4+ Kxd5 51. Nf6+ Ke5 52. Ng8
1/2-1/2

[Event "Ì13Ï"]
[Site "Loo"]
[Date "2017.04.25"]
[Round "6.31"]
[White "Êîñòåíêî, Êèðèëë."]
[Black "Ïåòðîâ, Ìàêñèì."]
[Result "1-0"]
[WhiteElo "1589"]
[BlackElo "1359"]
[PlyCount "83"]
[EventDate "2017.04.20"]

1. d4 d5 2. Nf3 Nf6 3. c4 dxc4 4. e3 e6 5. Nc3 c5 6. Bxc4 a6 7. a4 Nc6 8. O-O
Be7 9. b3 O-O 10. Ba3 Nb4 11. Qe2 cxd4 12. Nxd4 Nc6 13. Nxc6 bxc6 14. Rfd1 Qc7
15. Bxe7 Qxe7 16. Rac1 Bb7 17. h3 Nd5 18. Ne4 h6 19. Nc5 a5 20. e4 Nf4 21. Qe3
Qg5 22. g3 Nxh3+ 23. Kg2 Nf4+ 24. Kf1 e5 25. Nxb7 Qg4 26. gxf4 exf4 27. Be2 Qh4
28. Qf3 f5 29. Bc4+ Kh8 30. Nd6 fxe4 31. Qxe4 Rf6 32. Nf7+ Rxf7 33. Bxf7 Qf6
34. Bc4 Qh4 35. Bd3 Kg8 36. Qh7+ Kf7 37. Bc4+ Kf6 38. Qe4 g5 39. Rd6+ Kg7 40.
Qg6+ Kh8 41. Qf6+ Kh7 42. Rd7# 1-0

[Event "Ì13Ï"]
[Site "Loo"]
[Date "2017.04.25"]
[Round "6.32"]
[White "Ñîáàøíèêîâ, Èâàí."]
[Black "Äåìåõèí, Ìàêñèì."]
[Result "1-0"]
[WhiteElo "1695"]
[BlackElo "1442"]
[PlyCount "59"]
[EventDate "2017.04.20"]

1. d4 d5 2. c4 e6 3. Nc3 Nf6 4. Bg5 Be7 5. e3 O-O 6. Nf3 b6 7. Qc2 Bb7 8. O-O-O
Nbd7 9. cxd5 exd5 10. Kb1 a6 11. Bd3 c5 12. h3 c4 13. Bf5 b5 14. g4 Nb6 15.
Bxf6 Bxf6 16. Bxh7+ Kh8 17. h4 g6 18. g5 Kxh7 19. gxf6 Qxf6 20. h5 Bc8 21.
hxg6+ Kg7 22. Rh7+ Kg8 23. gxf7+ Rxf7 24. Rg1+ Kf8 25. Rxf7+ Qxf7 26. Nh4 b4
27. Ne2 Qxf2 28. Qh7 Be6 29. Ng6+ Ke8 30. Qe7# 1-0

[Event "Ì13Ï"]
[Site "Loo"]
[Date "2017.04.25"]
[Round "6.33"]
[White "Ñàâèöêèé, Êèðèëë."]
[Black "Âîëêîâ, Âëàäèñëàâ."]
[Result "1/2-1/2"]
[WhiteElo "1508"]
[BlackElo "1649"]
[PlyCount "54"]
[EventDate "2017.04.20"]

1. e4 e6 2. d4 d5 3. Nd2 c5 4. exd5 exd5 5. Ngf3 Nf6 6. Bb5+ Bd7 7. Bxd7+ Nbxd7
8. O-O Be7 9. dxc5 Nxc5 10. Nb3 O-O 11. Nxc5 Bxc5 12. Bg5 Qd6 13. Bxf6 gxf6 14.
Nd4 Kh8 15. Nf5 Qe5 16. Qf3 Rfe8 17. Ng3 b6 18. c3 Rad8 19. Rae1 Qxe1 20. Qxf6+
Kg8 21. Qg5+ Kh8 22. Qf6+ Kg8 23. Qg5+ Kh8 24. Qf6+ Kg8 25. Qg5+ Kh8 26. Qf6+
Kg8 27. Qg5+ Kh8 1/2-1/2

[Event "Ì13Ï"]
[Site "Loo"]
[Date "2017.04.25"]
[Round "6.34"]
[White "Øèëÿåâ, Ìàðê."]
[Black "Ìîíãóø, Êåæèê."]
[Result "1/2-1/2"]
[WhiteElo "1469"]
[BlackElo "1594"]
[PlyCount "90"]
[EventDate "2017.04.20"]

1. e4 c5 2. Nf3 Nc6 3. d4 cxd4 4. Nxd4 g6 5. Nc3 Bg7 6. Be3 Nf6 7. Nxc6 bxc6 8.
e5 Ng8 9. Bd4 Nh6 10. e6 O-O 11. Bxg7 Kxg7 12. exd7 Qxd7 13. Qxd7 Bxd7 14. Bc4
Nf5 15. O-O Rab8 16. Bb3 e5 17. Rfe1 Rfe8 18. Ne2 c5 19. Rab1 a5 20. Bd5 Nd4
21. Nxd4 cxd4 22. b3 f5 23. Rbd1 Bb5 24. g3 Rbc8 25. Rd2 Kf6 26. Bg2 Red8 27.
Bf1 Bxf1 28. Kxf1 Rc3 29. Red1 g5 30. Ke2 g4 31. Ke1 Rdc8 32. Rc1 d3 33. Kd1 e4
34. a3 Ke5 35. b4 Rxa3 36. bxa5 dxc2+ 37. Rdxc2 Rxc2 38. Rxc2 Rxa5 39. Rc7 h5
40. Rb7 Ra2 41. Ke1 Kd4 42. Rd7+ Ke5 43. Rh7 Kf6 44. Rxh5 Kg6 45. Rh8 Kg7
1/2-1/2

[Event "Ì13Ï"]
[Site "Loo"]
[Date "2017.04.25"]
[Round "6.35"]
[White "Äåíèñîâ, Ìèõàèë."]
[Black "Õàíèí, Ìèõàèë."]
[Result "1-0"]
[WhiteElo "1423"]
[BlackElo "1589"]
[PlyCount "69"]
[EventDate "2017.04.20"]

1. e4 e6 2. d4 d5 3. Nc3 Nf6 4. e5 Nfd7 5. f4 c5 6. Nf3 Nc6 7. Be3 cxd4 8. Nxd4
Bc5 9. Qd2 Qb6 10. Na4 Qc7 11. Nxc5 Nxc5 12. Nb5 Qb6 13. b4 Ne4 14. Bxb6 Nxd2
15. Kxd2 axb6 16. Nc7+ Ke7 17. Nxa8 Nxb4 18. Nxb6 Bd7 19. Nxd7 Kxd7 20. Bb5+
Nc6 21. Bxc6+ Kxc6 22. Rhb1 Rb8 23. Rb3 b6 24. Rab1 g6 25. a4 h5 26. Rc3+ Kd7
27. a5 b5 28. Rb4 Rb7 29. Rc5 Ra7 30. Rcxb5 Kc7 31. Rc5+ Kd7 32. Rb6 Kd8 33. a6
Ke8 34. Rb7 Ra8 35. a7 1-0

[Event "Ì13Ï"]
[Site "Loo"]
[Date "2017.04.25"]
[Round "6.37"]
[White "Áðàòîâ, Àäåìèð."]
[Black "Ëèëÿê, Àðñåíèé."]
[Result "0-1"]
[WhiteElo "1579"]
[BlackElo "1349"]
[PlyCount "82"]
[EventDate "2017.04.20"]

1. e4 e5 2. Nf3 Nc6 3. Bc4 Bc5 4. c3 Nf6 5. d3 d6 6. b4 Bb6 7. a4 a5 8. b5 Ne7
9. O-O Bg4 10. Nbd2 Qd7 11. Re1 h6 12. Nf1 g5 13. Ng3 Rg8 14. d4 Ng6 15. h3
Bxh3 16. gxh3 Qxh3 17. Bf1 Qe6 18. Be3 g4 19. d5 Qd7 20. Bxb6 cxb6 21. Nh2 h5
22. Nh1 h4 23. Re3 Nf4 24. Be2 Nh3+ 25. Kf1 Rg7 26. Ke1 Nf4 27. Bf1 Ke7 28. Ra2
Rag8 29. Ng3 hxg3 30. fxg3 Nh3 31. Ree2 Ng5 32. Bg2 Nf3+ 33. Bxf3 gxf3 34. Nxf3
Rxg3 35. Qd3 Qh3 36. Rh2 Rg1+ 37. Kd2 R8g2+ 38. Qe2 Rxe2+ 39. Kxe2 Qf1+ 40. Ke3
Ng4+ 41. Kd2 Qd1# 0-1

[Event "Ì13Ï"]
[Site "Loo"]
[Date "2017.04.25"]
[Round "6.39"]
[White "Õàéðóëëèí, Àìèð."]
[Black "Èøóòêèí, Âëàäèñëàâ."]
[Result "1-0"]
[WhiteElo "1518"]
[BlackElo "1307"]
[PlyCount "41"]
[EventDate "2017.04.20"]

1. e4 c6 2. d4 d5 3. e5 Bf5 4. g4 Bg6 5. h4 h6 6. h5 Bh7 7. e6 f6 8. Bd3 Be4 9.
f3 Bxd3 10. Qxd3 Qd6 11. Qg6+ Kd8 12. Qf7 Kc7 13. Qxf8 Qxe6+ 14. Ne2 Rh7 15.
Bf4+ Kd7 16. Bxb8 a6 17. Nbc3 b5 18. O-O-O a5 19. Rhe1 Qe3+ 20. Kb1 Qe6 21. Nf4
1-0

[Event "Ì13Ï"]
[Site "Loo"]
[Date "2017.04.25"]
[Round "6.40"]
[White "×óêëèí, Èâàí."]
[Black "Æåðäåâ, Ñâÿòîñëàâ."]
[Result "1/2-1/2"]
[WhiteElo "1791"]
[BlackElo "1293"]
[PlyCount "85"]
[EventDate "2017.04.20"]

1. e4 c6 2. Nc3 d5 3. Nf3 Bg4 4. h3 Bxf3 5. Qxf3 e6 6. exd5 cxd5 7. d4 Bb4 8.
a3 Ba5 9. Bd3 Nc6 10. Bb5 Nge7 11. O-O O-O 12. Rd1 a6 13. Bxc6 Nxc6 14. b4 Bc7
15. Ne2 f6 16. Bb2 Qd6 17. g3 Rad8 18. Qb3 Kh8 19. c4 dxc4 20. Qxc4 Ne7 21. Nf4
Nd5 22. Nxd5 exd5 23. Qd3 Rfe8 24. Re1 Re6 25. Bc3 Rde8 26. Rxe6 Rxe6 27. Re1
Rxe1+ 28. Bxe1 Qe6 29. Qe3 Qxe3 30. fxe3 g6 31. g4 Kg7 32. Kg2 Kf7 33. Kf3 Ke6
34. Bf2 g5 35. e4 Bf4 36. a4 b5 37. axb5 axb5 38. Be1 Bc1 39. Bc3 Kd6 40. Be1
Bf4 41. Bc3 Bc1 42. Be1 Bf4 43. Bc3 1/2-1/2

[Event "Ì13Ï"]
[Site "Loo"]
[Date "2017.04.25"]
[Round "6.41"]
[White "Âàñèëüåâ, Èëüÿ."]
[Black "Åâñòàôüåâ, Ãåîðãèé."]
[Result "1-0"]
[WhiteElo "1779"]
[BlackElo "1427"]
[PlyCount "95"]
[EventDate "2017.04.20"]

1. e4 c6 2. d4 d5 3. Nc3 dxe4 4. Nxe4 Bf5 5. Ng3 Bg6 6. h4 h6 7. f4 e6 8. Nf3
Nd7 9. h5 Bh7 10. Bd3 Bxd3 11. Qxd3 Ngf6 12. Ne5 Nxe5 13. fxe5 Nd5 14. Bd2 Qc7
15. Ne4 O-O-O 16. O-O f5 17. exf6 gxf6 18. Nxf6 Nxf6 19. Rxf6 Bg7 20. Rf4 e5
21. Qh3+ Kb8 22. Re4 Rxd4 23. Rxd4 exd4 24. Rf1 Be5 25. Qf5 a6 26. Bxh6 Ka7 27.
Bf4 Bxf4 28. Qxf4 Qxf4 29. Rxf4 d3 30. cxd3 Rxh5 31. Kf2 Kb6 32. Kf3 Kc7 33.
Ke3 Kd6 34. g4 Rh3+ 35. Rf3 Rh4 36. Rg3 Ke5 37. g5 Rh7 38. g6 Rg7 39. b4 b6 40.
a4 Kf5 41. Kd4 Ke6 42. a5 bxa5 43. bxa5 Kd6 44. Kc4 c5 45. Rg5 Kd7 46. Kxc5 Kc7
47. Rg3 Kb7 48. Kd6 1-0

[Event "Ì13Ï"]
[Site "Loo"]
[Date "2017.04.25"]
[Round "6.42"]
[White "Âàëèóëëèí, Ðàôàýëü."]
[Black "Õàíæèí, Òèìóð."]
[Result "1-0"]
[WhiteElo "1444"]
[BlackElo "1751"]
[PlyCount "91"]
[EventDate "2017.04.20"]

1. Nf3 c5 2. e3 Nf6 3. b3 g6 4. Bb2 Bg7 5. g3 b6 6. Bg2 Bb7 7. c4 d6 8. O-O O-O
9. d4 Nbd7 10. d5 Qc7 11. Nc3 a6 12. Qc2 e5 13. Nd2 Nh5 14. Nce4 Bh6 15. g4
Nhf6 16. g5 Nxe4 17. gxh6 Nxd2 18. Qxd2 Bc8 19. f4 f6 20. fxe5 Nxe5 21. Bxe5
fxe5 22. Rxf8+ Kxf8 23. Rf1+ Kg8 24. Qf2 Bf5 25. e4 Bg4 26. h3 Bh5 27. Qf6 Re8
28. Bf3 Bxf3 29. Rxf3 b5 30. h4 Qe7 31. Qxe7 Rxe7 32. Rf6 Rd7 33. Kg2 bxc4 34.
bxc4 a5 35. Kf3 a4 36. Ke3 Rb7 37. Rxd6 Rb2 38. Rf6 Rxa2 39. d6 Rb2 40. d7 Rb8
41. Rc6 Kf7 42. Rc8 Rb3+ 43. Kd2 a3 44. d8=Q a2 45. Qd7+ Kf6 46. Rf8# 1-0

[Event "Ì13Ï"]
[Site "Loo"]
[Date "2017.04.25"]
[Round "6.43"]
[White "Ëîêòèîíîâ, Êèðèëë."]
[Black "Ðûáèí, Ýäóàðä."]
[Result "1-0"]
[WhiteElo "1627"]
[BlackElo "1422"]
[PlyCount "59"]
[EventDate "2017.04.20"]

1. d4 d5 2. c4 e6 3. Bf4 c5 4. e3 Nf6 5. Nc3 cxd4 6. exd4 Bb4 7. Rc1 O-O 8. Bd3
a6 9. c5 Nc6 10. Nf3 Ba5 11. O-O Bc7 12. Bg5 Re8 13. Re1 Bd7 14. Ne5 h6 15.
Bxf6 gxf6 16. Qg4+ Kf8 17. Nxf7 Qb8 18. Nxh6 Bxh2+ 19. Kh1 Qf4 20. Qg8+ Ke7 21.
Nxd5+ Kd8 22. Nf7+ Kc8 23. Nd6+ Kd8 24. Qxe8+ Bxe8 25. Nxf4 Bxf4 26. Nxe8 Bxc1
27. Rxc1 f5 28. Ng7 Nxd4 29. Rc4 e5 30. Nxf5 1-0

[Event "Ì13Ï"]
[Site "Loo"]
[Date "2017.04.25"]
[Round "6.44"]
[White "Çóðàáÿí, Âàãå."]
[Black "Þäèí, Äàíèë."]
[Result "1/2-1/2"]
[WhiteElo "1591"]
[BlackElo "1374"]
[PlyCount "129"]
[EventDate "2017.04.20"]

1. c4 e6 2. g3 d5 3. Bg2 c6 4. Nf3 Nf6 5. b3 Be7 6. O-O O-O 7. Bb2 Nbd7 8. Nc3
Re8 9. cxd5 exd5 10. a3 Bd6 11. b4 a6 12. d3 Ne5 13. Qb3 Nxf3+ 14. Bxf3 Bg4 15.
Bxg4 Nxg4 16. e3 Qg5 17. h3 Nxe3 18. Bc1 Bxg3 19. Bxe3 Bf4+ 20. Kh1 Bxe3 21.
fxe3 Rxe3 22. Ra2 Rxh3+ 23. Rh2 Rxh2+ 24. Kxh2 Qd2+ 25. Kg3 Qxd3+ 26. Rf3 Qg6+
27. Kf2 Re8 28. Na4 Qe4 29. Nc5 Qe1+ 30. Kg2 b6 31. Nd3 Re2+ 32. Nf2 Qd2 33.
Qa4 Qg5+ 34. Kf1 Re8 35. Qxc6 Qd8 36. Rf5 Qc8 37. Qxd5 Re6 38. Qd2 Qc4+ 39. Nd3
Qe4 40. Nf2 Qc4+ 41. Nd3 Qe4 42. Nf2 Qc4+ 43. Qd3 Qxd3+ 44. Nxd3 g6 45. Re5 Kf8
46. Rxe6 fxe6 47. Ke2 Ke7 48. Kf3 Kd6 49. Ke4 h5 50. Nf4 a5 51. Nxg6 Kc6 52.
Kd4 Kb5 53. bxa5 Kxa5 54. Kc3 Ka4 55. Kb2 b5 56. Ka2 b4 57. axb4 Kxb4 58. Kb2
Kc4 59. Kc2 Kd4 60. Nf4 h4 61. Nxe6+ Ke4 62. Ng5+ Kf4 63. Nh3+ Kg4 64. Nf2+ Kg3
65. Ne4+ 1/2-1/2

[Event "Ì13Ï"]
[Site "Loo"]
[Date "2017.04.25"]
[Round "6.45"]
[White "Êàðàïåòÿí, Âàãðàì."]
[Black "Íèêîëàåâ, Àíäðåé."]
[Result "1/2-1/2"]
[WhiteElo "1589"]
[BlackElo "1406"]
[PlyCount "89"]
[EventDate "2017.04.20"]

1. e4 c5 2. Nf3 Nc6 3. d4 cxd4 4. Nxd4 g6 5. c4 Bg7 6. Be3 Nf6 7. Nc3 d6 8. Be2
O-O 9. O-O Ne5 10. f3 Bd7 11. Qd2 Rc8 12. b3 Re8 13. Rfc1 a6 14. Rab1 Qa5 15.
b4 Qc7 16. Nd5 Nxd5 17. cxd5 Qb8 18. b5 axb5 19. Nxb5 Rxc1+ 20. Rxc1 Rc8 21. h3
Be8 22. Bf1 Nd7 23. Rc2 Nc5 24. Qc1 b6 25. Qb1 Qa8 26. Nd4 Rb8 27. Bb5 Bxb5 28.
Qxb5 Bxd4 29. Bxd4 Qb7 30. Rb2 Qc7 31. a4 Qa7 32. Bxc5 dxc5 33. a5 Qb7 34. axb6
Rc8 35. Rc2 Rb8 36. Rxc5 Qxb6 37. Qxb6 Rxb6 38. Rc8+ Kg7 39. Re8 e6 40. Rd8 h5
41. d6 Kf6 42. f4 e5 43. g3 Ke6 44. fxe5 Kxe5 45. d7 1/2-1/2

[Event "Ì13Ï"]
[Site "Loo"]
[Date "2017.04.25"]
[Round "6.46"]
[White "Ïóãèí, Ñòåïàí."]
[Black "Ãàëêèí, Ëåîíèä."]
[Result "1/2-1/2"]
[WhiteElo "1425"]
[BlackElo "1525"]
[PlyCount "82"]
[EventDate "2017.04.20"]

1. e4 c5 2. b3 g6 3. Bb2 Nf6 4. f4 Bg7 5. d3 Nc6 6. Nf3 d6 7. g3 O-O 8. Bg2 e6
9. O-O Bd7 10. Nc3 Rb8 11. Ne2 Ng4 12. Bxg7 Kxg7 13. Qd2 Qa5 14. Qxa5 Nxa5 15.
Nc3 Ne3 16. Rf2 Nxg2 17. Kxg2 b5 18. a4 b4 19. Nd1 f6 20. Ne3 Bc6 21. Raf1 d5
22. exd5 exd5 23. Re1 Rfe8 24. Rfe2 Kf7 25. Kf2 Rb7 26. Nf1 Rbe7 27. Rxe7+ Rxe7
28. Rxe7+ Kxe7 29. N1d2 Kd6 30. g4 c4 31. Ke3 c3 32. Nf1 Bd7 33. g5 f5 34. d4
Bc8 35. Ne5 Ba6 36. Ng3 Nc6 37. h4 Nxe5 38. dxe5+ Kc5 39. Ne2 Bc8 40. Nd4 a6
41. a5 Bd7 1/2-1/2